| 000 | 01569nam a22003017a 4500 | ||
|---|---|---|---|
| 003 | EG-GICUC | ||
| 005 | 20260121101326.0 | ||
| 008 | 251120s2001 ua |||fr|||| 000 0 ara d | ||
| 040 |
_a EG-GICUC _bara _c EG-GICUC _d EG-GICUC _erda |
||
| 041 | 0 | _aara | |
| 082 | 0 | 4 |
_221 _a345.2062 _bر ج . م |
| 092 | 0 | 4 | _221 |
| 099 | _aLaw1 07 345.2062 ر ج . م 2001 | ||
| 100 | 1 |
_aرجب عبدالحكيم سليم _eمؤلف. |
|
| 245 | 1 | 0 |
_aموسوعة تنظيم الجامعات المصرية : _bشرح أحكام قانون تنظيم الجامعات رقم 49 لسنة 1972 وقانون إعادة تنظيم الأزهر رقم 103 لسنة 1961 وقانون المؤسسات العلمية رقم 69 لسنة 1973 وقانون الجامعات الخاصة رقم 101 لسنة 1992 في ضوء المبادئ التي قررتها المحكمة الدستورية العليا والمحكمة الادارية العليا والجمعية العمومية لقسمي الفتوى والتشريع بمجلس الدولة / _cرجب عبدالحكيم سليم. |
| 250 | _aالطبعة الاولى | ||
| 264 | 1 |
_aالقاهرة: _bدار أبو المجد، _c2001 |
|
| 300 |
_a1516 صفحة؛ _c24 سم. |
||
| 336 |
_2rda content _atext |
||
| 337 |
_2rda media _aComputer |
||
| 338 |
_2rda carrier _aOnline Resource |
||
| 546 | _aالنص باللغة العربية | ||
| 650 | 1 | 4 |
_aالتنظيم الإداري _2qrmak |
| 651 | 1 | _2qrmak | |
| 856 | 4 | 0 | _uhttps://fll.law.cu.edu.eg/fulltext/bks/B07-00796.pdf |
| 905 | _a78 | ||
| 942 |
_2ddc _cBK _e21 _n0 |
||
| 999 |
_c44956 _d44956 |
||